Media/theory : (Record no. 51740)
[ view plain ]
| 000 -LEADER | |
|---|---|
| fixed length control field | 00924cam a2200301 a 4500 |
| 001 - CONTROL NUMBER | |
| control field | 51740 |
| 003 - CONTROL NUMBER IDENTIFIER | |
| rucl marc code | BD-RjUL |
| 005 - DATE AND TIME OF LATEST TRANSACTION | |
| control field | 20211209075715.0 |
| 008 - FIXED-LENGTH DATA ELEMENTS--GENERAL INFORMATION | |
| fixed length control field | 160901s2005 enk b 001 0 eng |
| 020 ## - INTERNATIONAL STANDARD BOOK NUMBER | |
| International Standard Book Number | 041524384-X(pbk) |
| International Standard Book Number | 041524384-1 |
| 035 ## - SYSTEM CONTROL NUMBER | |
| System control number | (BD-RjUL)51860 |
| 040 ## - CATALOGING SOURCE | |
| Original cataloging agency | DLC |
| Transcribing agency | DLC |
| Modifying agency | DLC |
| -- | BD-RjUL |
| Language of cataloging | eng |
| 041 ## - LANGUAGE CODE | |
| Language code of text/sound track or separate title | eng |
| 082 00 - DEWEY DECIMAL CLASSIFICATION NUMBER | |
| Classification number | 302.2301 |
| Edition number | 23 |
| Author mark and year | MOM 2005 |
| 100 1# - MAIN ENTRY--PERSONAL NAME | |
| Personal name | Moores, Shaun |
| 9 (RLIN) | 154714 |
| 245 10 - TITLE STATEMENT | |
| Title | Media/theory : |
| Remainder of title | thinking about media and communications / |
| Statement of responsibility, etc. | Shaun Moores |
| 260 ## - PUBLICATION, DISTRIBUTION, ETC. (IMPRINT) | |
| Place of publication, distribution, etc. | London ; |
| -- | New York : |
| Name of publisher, distributor, etc. | Routledge, |
| Date of publication, distribution, etc. | 2005 |
| 300 ## - PHYSICAL DESCRIPTION | |
| Pagination | xii, 212 p. ; |
| Size | 24 cm. |
| 490 0# - SERIES STATEMENT | |
| Series statement | Comedia |
| Series statement | Critical voices in art, theory and culture |
| 504 ## - BIBLIOGRAPHY, ETC. NOTE | |
| Bibliography, etc | Includes bibliography and index. |
| 650 #0 - SUBJECT ADDED ENTRY--TOPICAL TERM | |
| Topical term or geographic name as entry element | Mass media |
| General subdivision | Philosophy. |
| 9 (RLIN) | 154715 |
| 830 ## - SERIES ADDED ENTRY--UNIFORM TITLE | |
| Uniform title | Comedia |
| Uniform title | Critical voices in art, theory and culture |
| 942 ## - ADDED ENTRY ELEMENTS (KOHA) | |
| Source of classification or shelving scheme | Dewey Decimal Classification |
| Koha item type | Books |
| Lost status | Source of classification or shelving scheme | Damaged status | Not for loan | Collection code | Permanent Location | Current Location | Shelving location | Date acquired | Source of acquisition | Cost, normal purchase price | Total Checkouts | Full call number | Date last seen | Copy number | Koha item type |
|---|---|---|---|---|---|---|---|---|---|---|---|---|---|---|---|
| Dewey Decimal Classification | Non-fiction | Central Library, University of Rajshahi | Central Library, University of Rajshahi | 20/09/2010 | Dhaka, Paragon Enterprises Ltd | 395.00 | 302.2301 MOM 2005 | 01/09/2016 | C-2 | Books | |||||
| Dewey Decimal Classification | Not For Loan | Non-fiction | Central Library, University of Rajshahi | Central Library, University of Rajshahi | Reading Room | 20/09/2010 | Dhaka, Paragon Enterprises Ltd | 395.00 | 302.2301 MOM 2009 | 10/12/2016 | C-1 | Books |